Engineering Physics. V2 (Record no. 140994)

MARC details
000 -LEADER
fixed length control field 00375nam a2200157Ia 4500
008 - FIXED-LENGTH DATA ELEMENTS--GENERAL INFORMATION
fixed length control field 230917s9999||||xx |||||||||||||| ||und||
040 ## - CATALOGING SOURCE
-- 128681
Original cataloging agency VIVEKANANDA LIBRARY
041 ## - Language
-- English
082 ## - DDC NUMBER
Classification number 621 S84E(9)
100 ## - MAIN ENTRY--PERSONAL NAME
Personal name Satya Prakash
245 #0 - TITLE STATEMENT
Title Engineering Physics. V2
250 ## - EDITION STATEMENT
Edition statement 9th ed.
260 ## - PUBLICATION, DISTRIBUTION, ETC. (IMPRINT)
Place of publication, distribution, etc Meerut
Name of publisher, distributor, etc Pragati Prakashan
Date of publication, distribution, etc 2011
300 ## - PHYSICAL DESCRIPTION
Pages 296 p.
942 ## - ADDED ENTRY ELEMENTS (KOHA)
Koha item type Books
Holdings
Withdrawn status Lost status Damaged status Not for loan Location (home branch) Sublocation or collection (holding branch) Shelving location Date acquired Koha issues (times borrowed) Koha full call number Accession No. Koha date last seen Koha item type
        VIVEKANANDA LIBRARY VIVEKANANDA LIBRARY UIET Library 24/12/2010   621 S84E(9) 245506 17/09/2023 Books
        VIVEKANANDA LIBRARY VIVEKANANDA LIBRARY UIET Library 24/12/2010   621 S84E(9) 245507 17/09/2023 Books
        VIVEKANANDA LIBRARY VIVEKANANDA LIBRARY UIET Library 24/12/2010   621 S84E(9) 245509 17/09/2023 Books
        VIVEKANANDA LIBRARY VIVEKANANDA LIBRARY UIET Library 24/12/2010   621 S84E(9) 245510 17/09/2023 Books
        VIVEKANANDA LIBRARY VIVEKANANDA LIBRARY UIET Library 24/12/2010   621 S84E(9) 245511 17/09/2023 Books
        VIVEKANANDA LIBRARY VIVEKANANDA LIBRARY UIET Library 24/12/2010   621 S84E(9) 245513 17/09/2023 Books
        VIVEKANANDA LIBRARY VIVEKANANDA LIBRARY UIET Library 24/12/2010 1 621 S84E(9) 245514 20/03/2025 Books
        VIVEKANANDA LIBRARY VIVEKANANDA LIBRARY UIET Library 24/12/2010   621 S84E(9) 245515 17/09/2023 Books
        VIVEKANANDA LIBRARY VIVEKANANDA LIBRARY UIET Library 24/12/2010   621 S84E(9) 245516 24/05/2024 Books
        VIVEKANANDA LIBRARY VIVEKANANDA LIBRARY UIET Library 24/12/2010   621 S84E(9) 245517 17/09/2023 Books
        VIVEKANANDA LIBRARY VIVEKANANDA LIBRARY UIET Library 24/12/2010   621 S84E(9) 245519 17/09/2023 Books
© Designed and Maintained by Vivekananda Library, MDU Rohtak